[Event "ODJM B 2016"]
[Site "Willingen GER"]
[Date "2016.05.17"]
[Round "4"]
[White "Müller, Lenny William"]
[Black "Rempe, Janne"]
[Result "1-0"]
[Termination "normal"]
[Board "49"]
[WhiteElo "1100"]
[BlackElo "948"]
[PlyCount "79"]
[WhiteFideId "16272811"]
[BlackFideId "16202392"]
[EventCountry "GER"]
[EventRounds "9"]
[EventType "swiss"]
[EventDate "2016.05.14"]

1. e4 e5 2. Nf3 Nc6 3. Nc3 Nf6 4. Bc4 Nxe4 5. Nxe4 d5 6. Bb5 dxe4 7. Bxc6+ bxc6
8. Nxe5 Qd5 9. d4 Qe6 10. O-O f6 11. Qh5+ g6 12. Nxg6 Qg4 13. Qxg4 Bxg4 14.
Nxh8 Bg7 15. h3 Be6 16. Bf4 Kd8 17. Rfe1 Bd5 18. Nf7+ Bxf7 19. Rxe4 f5 20.
Bxc7+ Kxc7 21. Re7+ Kd6 22. Rxf7 Bxd4 23. Rd1 Kc5 24. c3 Bh8 25. Rxf5+ Kb6 26.
Rh5 Rb8 27. Rxh7 Ka6 28. a3 Be5 29. Rb1 Bxc3 30. Rc1 Bxb2 31. Rxc6+ Rb6 32.
Rxb6+ axb6 33. a4 Ka5 34. Rh4 Bf6 35. Re4 Bc3 36. g4 b5 37. axb5 Kxb5 38. Kg2
Bf6 39. f4 Kc5 40. g5 1-0

[Event "ODJM B 2016"]
[Site "Willingen GER"]
[Date "2016.05.17"]
[Round "4"]
[White "Fuhrmann, Elias"]
[Black "Gehrke, Korbinian"]
[Result "0-1"]
[Termination "normal"]
[Board "50"]
[WhiteElo "909"]
[BlackElo "1234"]
[PlyCount "76"]
[WhiteFideId "36098353"]
[BlackFideId "12993913"]
[EventCountry "GER"]
[EventRounds "9"]
[EventType "swiss"]
[EventDate "2016.05.14"]

1. e4 c5 2. Nf3 d6 3. d4 cxd4 4. Nxd4 Nf6 5. Nc3 g6 6. Be3 Bg7 7. Be2 O-O 8.
O-O Nc6 9. Qd2 Nxd4 10. Bxd4 b6 11. Rad1 Bb7 12. Bf3 Qd7 13. Rfe1 Rac8 14. h3
Rfd8 15. Re2 Ba6 16. Re3 Bh6 17. b3 Bxe3 18. Qxe3 e5 19. Nd5 Nxd5 20. exd5 exd4
21. Qxd4 Rxc2 22. a4 Re8 23. Rf1 Bxf1 24. Kxf1 Qe7 25. Qd1 Ra2 26. Kg1 Qh4 27.
g3 Qb4 28. Kh2 Rxf2+ 29. Bg2 Qe4 30. Qg1 Qc2 31. Kh1 Ree2 32. Bf1 Rh2+ 33. Qxh2
Rxh2+ 34. Kg1 Rd2 35. Bb5 Rxd5 36. Bc4 Rd1+ 37. Bf1 Qe2 38. Kh1 Rxf1# 0-1

[Event "ODJM B 2016"]
[Site "Willingen GER"]
[Date "2016.05.17"]
[Round "4"]
[White "Parma, Lea"]
[Black "Altgelt, Helene"]
[Result "1-0"]
[Termination "normal"]
[Board "51"]
[WhiteElo "1170"]
[BlackElo "817"]
[PlyCount "25"]
[WhiteFideId "16222377"]
[BlackFideId "16232020"]
[EventCountry "GER"]
[EventRounds "9"]
[EventType "swiss"]
[EventDate "2016.05.14"]

1. e4 c5 2. Nc3 d6 3. f4 e5 4. d3 Nf6 5. Nf3 Bg4 6. h3 Bxf3 7. Qxf3 Be7 8. Be3
O-O 9. O-O-O a6 10. f5 h6 11. Be2 b5 12. Qg3 b4 13. Bxh6 1-0

[Event "ODJM B 2016"]
[Site "Willingen GER"]
[Date "2016.05.17"]
[Round "4"]
[White "Ibrahim, Luisa"]
[Black "Semukhin, Sophia"]
[Result "1/2-1/2"]
[Termination "normal"]
[Board "52"]
[WhiteElo "916"]
[BlackElo "1087"]
[PlyCount "50"]
[WhiteFideId "12993930"]
[EventCountry "GER"]
[EventRounds "9"]
[EventType "swiss"]
[EventDate "2016.05.14"]

1. e4 e5 2. Nf3 Nc6 3. Bc4 Be7 4. Nc3 Nf6 5. O-O h6 6. h3 Bb4 7. d3 Bxc3 8.
bxc3 d5 9. exd5 Nxd5 10. Bb2 Bf5 11. Bb5 Qf6 12. c4 Ndb4 13. Bxe5 Qg6 14. Nd4
Bxh3 15. Qf3 Bd7 16. Nxc6 Nxc6 17. Bxc7 O-O 18. Qd5 Bh3 19. Qf3 Bg4 20. Qg3 Nd4
21. Qd6 Ne2+ 22. Kh1 Qh5+ 23. Qh2 Rac8 24. Qxh5 Bxh5 25. Bd6 Rfd8 1/2-1/2

[Event "ODJM B 2016"]
[Site "Willingen GER"]
[Date "2016.05.17"]
[Round "4"]
[White "Voltmer, Victor"]
[Black "Nagel, Philipp"]
[Result "1/2-1/2"]
[Termination "normal"]
[Board "53"]
[WhiteElo "1028"]
[BlackElo "873"]
[PlyCount "67"]
[BlackFideId "12994715"]
[EventCountry "GER"]
[EventRounds "9"]
[EventType "swiss"]
[EventDate "2016.05.14"]

1. e4 d5 2. exd5 Qxd5 3. Nc3 Qa5 4. d4 Nf6 5. Bd2 c6 6. Bc4 Bg4 7. f3 Bf5 8. g4
Bg6 9. h4 h6 10. f4 e6 11. a3 Qc7 12. Nf3 Nxg4 13. Rg1 Bh5 14. Be2 Nf6 15. Ne5
Bxe2 16. Qxe2 Nbd7 17. Nxd7 Qxd7 18. f5 O-O-O 19. fxe6 fxe6 20. Be3 Nd5 21.
Nxd5 exd5 22. O-O-O Re8 23. Rde1 Bd6 24. Qg4 Re7 25. Qxd7+ Kxd7 26. Kd2 Rhe8
27. Re2 Re4 28. Rxg7+ Kd8 29. Rxb7 R8e7 30. Rxe7 Bxe7 31. Bxh6 Rxh4 32. Be3 Kd7
33. Bf2 Bg5+ 34. Kd1 1/2-1/2

[Event "ODJM B 2016"]
[Site "Willingen GER"]
[Date "2016.05.17"]
[Round "4"]
[White "Bakalarz, Adrian"]
[Black "Beyer, Lorenz"]
[Result "0-1"]
[Termination "normal"]
[Board "54"]
[WhiteElo "865"]
[BlackElo "1169"]
[PlyCount "134"]
[WhiteFideId "12955809"]
[BlackFideId "16245393"]
[EventCountry "GER"]
[EventRounds "9"]
[EventType "swiss"]
[EventDate "2016.05.14"]

1. e4 e5 2. d4 exd4 3. c3 dxc3 4. Nxc3 Bb4 5. Nf3 Nc6 6. Bc4 Bxc3+ 7. bxc3 d6
8. h3 Nf6 9. Ng5 O-O 10. Qe2 h6 11. Nf3 Re8 12. Bd3 Bd7 13. O-O Ne5 14. Nxe5
dxe5 15. Ba3 c6 16. c4 Qa5 17. Qb2 Rad8 18. Rfd1 Be6 19. Qb4 Qxb4 20. Bxb4 b5
21. cxb5 cxb5 22. Bxb5 Rxd1+ 23. Rxd1 Rb8 24. a4 a6 25. Bd6 Rd8 26. Bxa6 Nxe4
27. Bb7 Rxd6 28. Ra1 Nc5 29. Bf3 Nb3 30. Ra3 Nd2 31. Bb7 Nc4 32. Ra1 Na5 33.
Bf3 Bd7 34. Be4 Rd4 35. f3 Rxa4 36. Rb1 f5 37. Bd5+ Kh7 38. Kf2 f4 39. g3 Bxh3
40. Be4+ g6 41. gxf4 exf4 42. Rh1 Ra2+ 43. Kg1 Be6 44. Rh2 Ra1+ 45. Kg2 Ra2+
46. Kg1 Rxh2 47. Kxh2 h5 48. Kg2 Nc4 49. Kh2 Nd2 50. Bc6 Kh6 51. Kg2 g5 52. Kh2
Nc4 53. Kg2 Ne5 54. Ba8 h4 55. Kh2 Kh5 56. Kg2 Bf5 57. Bb7 g4 58. fxg4+ Nxg4
59. Bf3 Kg5 60. Ba8 Ne3+ 61. Kh2 Bg4 62. Kg1 h3 63. Kh2 Kh4 64. Kg1 Kg3 65. Kh1
Bf3+ 66. Bxf3 Kxf3 67. Kg1 h2+ 0-1

[Event "ODJM B 2016"]
[Site "Willingen GER"]
[Date "2016.05.17"]
[Round "4"]
[White "Färber, Sophie"]
[Black "Ott, Linda"]
[Result "0-1"]
[Termination "normal"]
[Board "55"]
[WhiteElo "860"]
[BlackElo "1057"]
[PlyCount "42"]
[WhiteFideId "16239121"]
[BlackFideId "12992453"]
[EventCountry "GER"]
[EventRounds "9"]
[EventType "swiss"]
[EventDate "2016.05.14"]

1. e4 e5 2. Nf3 Nc6 3. Bc4 Bc5 4. c3 Nf6 5. d4 exd4 6. cxd4 Bb4+ 7. Bd2 Nxe4 8.
Bxb4 Nxb4 9. O-O d5 10. Bb5+ c6 11. Be2 Qf6 12. h3 Qg6 13. Nh4 Qh6 14. g3 Bxh3
15. Re1 g5 16. Kh2 gxh4 17. Kxh3 hxg3+ 18. Kg2 Qh2+ 19. Kf3 Qxf2+ 20. Kg4 Rg8+
21. Kh3 Qh2# 0-1

[Event "ODJM B 2016"]
[Site "Willingen GER"]
[Date "2016.05.17"]
[Round "4"]
[White "Reiser, Silas"]
[Black "Ibrahim, Ben"]
[Result "1-0"]
[Termination "normal"]
[Board "56"]
[WhiteElo "926"]
[BlackElo "834"]
[PlyCount "57"]
[BlackFideId "12993921"]
[EventCountry "GER"]
[EventRounds "9"]
[EventType "swiss"]
[EventDate "2016.05.14"]

1. e4 e5 2. Nf3 Nc6 3. Nc3 Nf6 4. d4 exd4 5. Nxd4 Qe7 6. Bg5 Qb4 7. Nxc6 dxc6
8. Bd3 Qxb2 9. Bd2 Bb4 10. Rb1 Qa3 11. Rb3 Qa5 12. Qb1 Bc5 13. O-O O-O 14. Rd1
b5 15. Nd5 Qa4 16. Nxf6+ gxf6 17. Qb2 Be6 18. Rc3 Bd4 19. Qa3 Bxc3 20. Qxa4
bxa4 21. Bxc3 Bxa2 22. Bxf6 Be6 23. Ra1 Rab8 24. Rxa4 Rb1+ 25. Bf1 a5 26. g3
Re1 27. Kg2 Rb8 28. Rd4 Rbb1 29. Rd8# 1-0

[Event "ODJM B 2016"]
[Site "Willingen GER"]
[Date "2016.05.17"]
[Round "4"]
[White "Klonov, Sofia"]
[Black "Wilmink, Luca"]
[Result "0-1"]
[Termination "normal"]
[Board "58"]
[WhiteElo "866"]
[BlackElo "817"]
[PlyCount "78"]
[WhiteFideId "16226240"]
[BlackFideId "16245253"]
[EventCountry "GER"]
[EventRounds "9"]
[EventType "swiss"]
[EventDate "2016.05.14"]

1. e4 e5 2. Nf3 Nf6 3. Nxe5 d6 4. Nf3 Nxe4 5. d3 Nf6 6. d4 d5 7. Nc3 Nc6 8. Bg5
Bb4 9. Bb5 O-O 10. O-O h6 11. Bxf6 Qxf6 12. Nxd5 Qd6 13. Nxb4 Nxb4 14. a3 Nc6
15. d5 Ne7 16. Re1 Nxd5 17. Qe2 Qg6 18. Bd3 Qf6 19. Qe5 Bg4 20. Qe4 g6 21. Qxg4
h5 22. Qc4 Qd6 23. Be4 c6 24. Red1 b5 25. Qd4 Rad8 26. Rd2 Rfe8 27. Rad1 Qb8
28. Bxd5 cxd5 29. Qb4 Re4 30. Qc5 Rc4 31. Qe7 Re4 32. Qg5 Rg4 33. Qh6 Qf4 34.
Qxf4 Rxf4 35. Rxd5 Rxd5 36. Rxd5 Rc4 37. b3 Rxc2 38. a4 Rc1+ 39. Ne1 Rxe1# 0-1